000 00371 a2200133 4500
001 91405
082 _aPR 1301
090 _c43535
_d43534
100 _aAtif; Prof Taimur (Advisor)
245 _aTo Formulate the Computer Code For Solving Framed Structure Problem
_n49 "A" EC
260 _aKarachi
_bNED University
_c1998
300 _a70p
500 _aBE Project Reports
942 _aCAE NUST
_kPR 1301
999 _c326478
_d326478